Riconosci il Pokémon - Quiz n°999 - Statistics

Statistiche generali
  • Questo quiz è stato fatto 1 volte
  • Il punteggio medio è 2 su 10
Statistiche sulle risposte
Indizio Risposta % Corretto
Tipo Lotta
100%
Generazione Quinta
100%
Altezza 1,2 m
0%
Peso 40,0 kg
0%
Sesso 75% ♂, 25% ♀
0%
Tasso di cattura 90 (20.1%)
0%
Abilità Dentistretti; Forzabruta; Ferropugno
0%
Pokémon Gurdurr
0%
Tasso di allevamento Medio-Lento
0%
Stadio evoluzione Prima evoluzione
0%
Nessun quiz corrispondente trovato
Distribuzione punteggi
Percentuale di utenti per punteggio
Percentile per numero di risposta
I tuoi punteggi nel tempo
Non hai fatto questo quiz